Vzkriesenie veršovanej drámy Poetika historická, interpretácia aktuálna

Bibliographic Details
Main Author: Šárik, Ľubomír (Author)
Other Authors: Kasarda, Štefan, 1935-2006 (upr), Svoboda, Juraj, 1933-2023 (Author of dialog)
Format: Article
Language:Slovak
Subjects:

MARC

LEADER 00000nab a2200000 a 4500
001 vtls000479007
003 SK-MaSNL
005 20260304170923.0
008 120927c1993 xo 0 slo
015 |a SNBRB19rr/mm-uuuuu 
035 |a CL0479142 
040 |a SNKBUCL  |b slo  |c SNKBUCL  |e AACR2 
041 0 |a slo 
044 |a xo  |c SK 
080 |a 7.096  |2 1981 
100 1 |a Šárik, Ľubomír  |4 aut  |9 287501 
245 1 0 |a Vzkriesenie veršovanej drámy  |b Poetika historická, interpretácia aktuálna  |c Ľubomír Šárik ; Upr. Štefan Kasarda ; Réžia Juraj Svoboda 
600 1 7 |a Tolstoj, Aleksej Konstantinovič,  |d 1817-1875  |t Cár Fëdor  |2 snkbucl  |9 53380 
650 0 7 |a Slovenský rozhlas.  |b Štúdio Košice  |2 snkbucl  |9 1229532 
651 7 |a 5403  |2 snkbucl  |9 893808 
655 7 |a články z novín a časopisov  |2 snkbucl  |9 267496 
700 1 |a Kasarda, Štefan,  |d 1935-2006  |4 upr  |9 106467 
700 1 |a Svoboda, Juraj,  |d 1933-2023  |4 aud  |9 256138 
773 0 |t Národná obroda  |g Roč. 4, č. 64 (18. 3. 1993), s. 7 
850 |a Slovenská národná knižnica v Martine  |a MTA001 
852 |a SNK  |b KIS3GCP 
958 |a RK 
992 |a RBX 
999 |c 2990713  |d 2992643